00266nam a22000977a 4500008004100000082001500041100002400056245004100080260003900121300000800160230619b xxu||||| |||| 00| 0 eng d a305.4bBIR cAlexandra Biryukova aEqual rights and equal opportunities aMoscowbProfizdat Publishersc1985 a83p